[Event "DEM U12 2023"]
[Site "Willingen GER"]
[Date "2023.05.31"]
[Round "5"]
[White "Aweh, Mads"]
[Black "Böhler, Yannic"]
[Result "1/2-1/2"]
[Termination "normal"]
[Board "23"]
[WhiteElo "1429"]
[BlackElo "1377"]
[WhiteClock "00:01:46"]
[BlackClock "00:01:02"]
[PlyCount "80"]
[WhiteFideId "34604278"]
[BlackFideId "34609059"]
[EventCountry "GER"]
[EventRounds "9"]
[EventType "swiss"]
[EventDate "2023.05.27"]

1. e4 {[%clk 01:30:57]} {[%emt 00:00:03]} c5 {[%clk 01:30:55]} {[%emt
00:00:06]} 2. Nf3 {[%clk 01:31:16]} {[%emt 00:00:10]} Nc6 {[%clk 01:31:22]}
{[%emt 00:00:04]} 3. d4 {[%clk 01:31:20]} {[%emt 00:00:26]} cxd4 {[%clk
01:31:48]} {[%emt 00:00:04]} 4. Nxd4 {[%clk 01:31:18]} {[%emt 00:00:31]} Nf6
{[%clk 01:32:14]} {[%emt 00:00:05]} 5. Nc3 {[%clk 01:31:07]} {[%emt 00:00:41]}
e6 {[%emt 00:00:56]} 6. Nxc6 {[%clk 01:30:47]} {[%emt 00:00:01]} bxc6 {[%clk
01:33:01]} {[%emt 00:00:06]} 7. e5 {[%clk 01:30:58]} {[%emt 00:00:19]} Nd5
{[%clk 01:33:27]} {[%emt 00:00:04]} 8. Ne4 {[%clk 01:31:00]} {[%emt 00:00:27]}
Qc7 {[%clk 01:33:40]} {[%emt 00:00:18]} 9. f4 {[%clk 01:30:49]} {[%emt
00:00:42]} Qb6 {[%clk 01:34:04]} {[%emt 00:00:05]} 10. c4 {[%clk 01:30:24]}
{[%emt 00:00:55]} Bb4+ {[%clk 01:34:00]} {[%emt 00:00:35]} 11. Ke2 {[%clk
01:30:40]} {[%emt 00:00:13]} f5 {[%clk 01:34:13]} {[%emt 00:00:16]} 12. exf6
{[%clk 01:29:57]} {[%emt 00:01:14]} Nxf6 {[%clk 01:34:20]} {[%emt 00:00:23]}
13. Nd6+ {[%clk 01:28:23]} {[%emt 00:02:03]} Ke7 {[%clk 01:30:12]} {[%emt
00:04:39]} 14. Nxc8+ {[%clk 01:11:04]} {[%emt 00:17:49]} Raxc8 {[%clk
01:25:59]} {[%emt 00:04:42]} 15. a3 {[%clk 01:11:16]} {[%emt 00:00:19]} Bd6
{[%clk 01:24:05]} {[%emt 00:02:23]} 16. b4 {[%clk 01:03:23]} {[%emt 00:08:25]}
c5 {[%clk 01:19:01]} {[%emt 00:05:34]} 17. b5 {[%clk 01:02:43]} {[%emt
00:01:11]} Bb8 {[%clk 01:16:48]} {[%emt 00:02:42]} 18. a4 {[%clk 00:49:36]}
{[%emt 00:13:37]} d5 {[%clk 01:11:46]} {[%emt 00:05:30]} 19. a5 {[%clk
00:38:21]} {[%emt 00:11:47]} Qb7 {[%clk 01:05:55]} {[%emt 00:06:21]} 20. a6
{[%clk 00:37:03]} {[%emt 00:01:49]} Qd7 {[%clk 01:02:43]} {[%emt 00:03:40]} 21.
Kf3 {[%clk 00:34:09]} {[%emt 00:03:24]} e5 {[%clk 00:59:23]} {[%emt 00:03:50]}
22. Be2 {[%clk 00:30:23]} {[%emt 00:04:17]} e4+ {[%clk 00:59:03]} {[%emt
00:00:49]} 23. Kf2 {[%clk 00:30:47]} {[%emt 00:00:07]} d4 {[%clk 00:58:46]}
{[%emt 00:00:47]} 24. g4 {[%clk 00:23:20]} {[%emt 00:07:57]} e3+ {[%clk
00:42:18]} {[%emt 00:16:58]} 25. Bxe3 {[%clk 00:21:48]} {[%emt 00:02:02]} dxe3+
{[%clk 00:41:29]} {[%emt 00:01:19]} 26. Kxe3 {[%clk 00:22:09]} {[%emt
00:00:09]} Rhe8 {[%clk 00:36:19]} {[%emt 00:05:39]} 27. Qxd7+ {[%clk 00:20:05]}
{[%emt 00:02:35]} Nxd7 {[%clk 00:33:54]} {[%emt 00:02:55]} 28. Rad1 {[%clk
00:16:54]} {[%emt 00:03:40]} Nb6 {[%clk 00:29:04]} {[%emt 00:05:20]} 29. Kf3
{[%clk 00:15:17]} {[%emt 00:02:07]} Rcd8 {[%clk 00:25:21]} {[%emt 00:04:13]}
30. h4 {[%clk 00:13:47]} {[%emt 00:02:00]} Rd7 {[%clk 00:21:08]} {[%emt
00:04:43]} 31. Rxd7+ {[%clk 00:08:40]} {[%emt 00:05:37]} Kxd7 {[%clk 00:17:16]}
{[%emt 00:04:22]} 32. Rd1+ {[%clk 00:07:52]} {[%emt 00:01:18]} Kc8 {[%clk
00:15:47]} {[%emt 00:01:58]} 33. f5 {[%clk 00:06:40]} {[%emt 00:01:43]} Be5
{[%clk 00:04:37]} {[%emt 00:11:39]} 34. Bf1 {[%clk 00:05:04]} {[%emt 00:02:06]}
Bd4 {[%clk 00:03:05]} {[%emt 00:02:02]} 35. Bd3 {[%clk 00:04:22]} {[%emt
00:01:13]} Na4 {[%clk 00:01:19]} {[%emt 00:02:15]} 36. Rd2 {[%clk 00:03:21]}
{[%emt 00:01:30]} Nb2 {[%clk 00:00:34]} {[%emt 00:01:16]} 37. Re2 {[%clk
00:03:20]} {[%emt 00:00:31]} Rxe2 {[%clk 00:00:34]} {[%emt 00:00:30]} 38. Bxe2
{[%clk 00:03:45]} {[%emt 00:00:06]} Kc7 {[%clk 00:00:39]} {[%emt 00:00:25]} 39.
Ke4 {[%clk 00:03:31]} {[%emt 00:00:44]} Kd6 {[%clk 00:00:43]} {[%emt 00:00:25]}
40. b6 {[%clk 00:01:46]} {[%emt 00:02:15]} Na4 {[%clk 00:01:02]} {[%emt
00:00:12]} 1/2-1/2

[Event "DEM U12 2023"]
[Site "Willingen GER"]
[Date "2023.05.31"]
[Round "5"]
[White "Radeke, Timothy"]
[Black "Lupei, Denis"]
[Result "1-0"]
[Termination "normal"]
[Board "25"]
[WhiteElo "1485"]
[BlackElo "1374"]
[WhiteClock "00:56:18"]
[BlackClock "00:21:48"]
[PlyCount "65"]
[WhiteFideId "16289412"]
[BlackFideId "34611231"]
[EventCountry "GER"]
[EventRounds "9"]
[EventType "swiss"]
[EventDate "2023.05.27"]

1. e4 {[%clk 01:30:58]} {[%emt 00:00:01]} c6 {[%clk 01:30:49]} {[%emt
00:00:12]} 2. Nf3 {[%clk 01:31:14]} {[%emt 00:00:14]} d5 {[%clk 01:30:51]}
{[%emt 00:00:28]} 3. exd5 {[%clk 01:31:37]} {[%emt 00:00:07]} cxd5 {[%clk
01:31:01]} {[%emt 00:00:19]} 4. Ne5 {[%clk 01:32:02]} {[%emt 00:00:05]} Nc6
{[%clk 01:31:11]} {[%emt 00:00:20]} 5. Bb5 {[%clk 01:32:24]} {[%emt 00:00:08]}
Bd7 {[%clk 01:31:25]} {[%emt 00:00:16]} 6. Nxd7 {[%clk 01:30:42]} {[%emt
00:02:13]} Qxd7 {[%clk 01:31:45]} {[%emt 00:00:09]} 7. d4 {[%clk 01:30:35]}
{[%emt 00:00:38]} e6 {[%clk 01:30:38]} {[%emt 00:01:36]} 8. c3 {[%clk
01:29:53]} {[%emt 00:01:12]} a6 {[%clk 01:30:14]} {[%emt 00:00:55]} 9. Bd3
{[%clk 01:29:41]} {[%emt 00:00:42]} Nf6 {[%clk 01:29:36]} {[%emt 00:01:08]} 10.
Nd2 {[%clk 01:28:09]} {[%emt 00:02:01]} Bd6 {[%clk 01:28:13]} {[%emt 00:01:54]}
11. Nf3 {[%clk 01:25:31]} {[%emt 00:03:08]} h6 {[%clk 01:25:04]} {[%emt
00:03:39]} 12. Qe2 {[%clk 01:21:43]} {[%emt 00:04:17]} Qc7 {[%clk 01:21:54]}
{[%emt 00:03:41]} 13. O-O {[%clk 01:13:37]} {[%emt 00:08:36]} O-O {[%clk
01:19:37]} {[%emt 00:02:47]} 14. Bd2 {[%clk 01:12:09]} {[%emt 00:01:59]} e5
{[%clk 01:12:50]} {[%emt 00:07:16]} 15. dxe5 {[%clk 01:11:59]} {[%emt
00:00:40]} Nxe5 {[%clk 01:13:00]} {[%emt 00:00:20]} 16. Nxe5 {[%clk 01:12:09]}
{[%emt 00:00:21]} Bxe5 {[%clk 01:13:13]} {[%emt 00:00:16]} 17. f4 {[%clk
01:11:09]} {[%emt 00:01:30]} Bd6 {[%clk 01:13:04]} {[%emt 00:00:38]} 18. Qf3
{[%clk 01:09:04]} {[%emt 00:02:35]} Qb6+ {[%clk 01:11:18]} {[%emt 00:02:16]}
19. Be3 {[%clk 01:06:49]} {[%emt 00:02:46]} Qxb2 {[%clk 01:09:18]} {[%emt
00:02:30]} 20. Bd4 {[%clk 01:06:53]} {[%emt 00:00:25]} Ne4 {[%clk 01:00:02]}
{[%emt 00:09:46]} 21. Bxe4 {[%clk 01:03:36]} {[%emt 00:03:48]} dxe4 {[%clk
00:59:52]} {[%emt 00:00:40]} 22. Qg4 {[%clk 01:02:26]} {[%emt 00:01:40]} g6
{[%clk 00:54:41]} {[%emt 00:05:41]} 23. Qh4 {[%clk 01:02:37]} {[%emt 00:00:18]}
f5 {[%clk 00:40:09]} {[%emt 00:15:01]} 24. Qxh6 {[%clk 01:01:01]} {[%emt
00:02:06]} Kf7 {[%clk 00:38:58]} {[%emt 00:01:41]} 25. Qg7+ {[%clk 01:01:25]}
{[%emt 00:00:07]} Ke6 {[%clk 00:37:45]} {[%emt 00:01:43]} 26. Qxg6+ {[%clk
01:01:41]} {[%emt 00:00:13]} Kd5 {[%clk 00:36:25]} {[%emt 00:01:50]} 27. Rfd1
{[%clk 01:01:13]} {[%emt 00:00:58]} Rg8 {[%clk 00:33:10]} {[%emt 00:03:43]} 28.
Bf2+ {[%clk 01:00:50]} {[%emt 00:00:54]} Kc4 {[%clk 00:31:07]} {[%emt
00:02:34]} 29. Qxd6 {[%clk 01:00:42]} {[%emt 00:00:38]} Rxg2+ {[%emt 00:07:47]}
30. Kxg2 {[%clk 01:00:55]} {[%emt 00:00:01]} Rg8+ {[%clk 00:23:14]} {[%emt
00:01:22]} 31. Kf1 {[%clk 00:56:45]} {[%emt 00:04:40]} e3 {[%clk 00:21:38]}
{[%emt 00:02:07]} 32. Qd5+ {[%clk 00:56:42]} {[%emt 00:00:34]} Kxc3 {[%clk
00:21:48]} {[%emt 00:00:20]} 33. Qc5# {[%clk 00:56:18]} {[%emt 00:00:20]} 1-0

[Event "DEM U12 2023"]
[Site "Willingen GER"]
[Date "2023.05.31"]
[Round "5"]
[White "Leonhardt, Max"]
[Black "Müller, Anker"]
[Result "1-0"]
[Termination "normal"]
[Board "26"]
[WhiteElo "1232"]
[BlackElo "1600"]
[WhiteClock "01:17:27"]
[BlackClock "00:12:13"]
[PlyCount "139"]
[WhiteFideId "34623647"]
[BlackFideId "1472070"]
[EventCountry "GER"]
[EventRounds "9"]
[EventType "swiss"]
[EventDate "2023.05.27"]

1. d4 {[%clk 01:30:57]} {[%emt 00:00:02]} d5 {[%clk 01:30:55]} {[%emt
00:00:06]} 2. c4 {[%clk 01:31:21]} {[%emt 00:00:06]} dxc4 {[%clk 01:31:15]}
{[%emt 00:00:10]} 3. e3 {[%clk 01:30:53]} {[%emt 00:00:58]} Nf6 {[%clk
01:31:39]} {[%emt 00:00:06]} 4. Bxc4 {[%clk 01:30:45]} {[%emt 00:00:37]} e6
{[%clk 01:32:01]} {[%emt 00:00:08]} 5. Nf3 {[%clk 01:30:53]} {[%emt 00:00:23]}
a6 {[%clk 01:32:17]} {[%emt 00:00:13]} 6. O-O {[%clk 01:31:00]} {[%emt
00:00:23]} c5 {[%clk 01:32:28]} {[%emt 00:00:19]} 7. Nc3 {[%clk 01:29:07]}
{[%emt 00:02:23]} b5 {[%clk 01:31:02]} {[%emt 00:01:57]} 8. Bd3 {[%clk
01:29:22]} {[%emt 00:00:14]} Bb7 {[%clk 01:30:27]} {[%emt 00:01:04]} 9. Be2
{[%emt 00:01:32]} Be7 {[%emt 00:00:57]} 10. b3 {[%clk 01:20:21]} {[%emt
00:07:03]} O-O {[%clk 01:27:57]} {[%emt 00:03:01]} 11. Bb2 {[%clk 01:18:49]}
{[%emt 00:02:03]} cxd4 {[%clk 01:24:53]} {[%emt 00:03:33]} 12. Nxd4 {[%clk
01:18:28]} {[%emt 00:00:51]} Qb6 {[%clk 01:25:01]} {[%emt 00:00:22]} 13. Qc2
{[%clk 01:18:14]} {[%emt 00:00:43]} Rc8 {[%clk 01:21:54]} {[%emt 00:03:37]} 14.
Qd2 {[%clk 01:17:55]} {[%emt 00:00:49]} Rd8 {[%clk 01:20:46]} {[%emt 00:01:37]}
15. Qc2 {[%clk 01:18:09]} {[%emt 00:00:18]} Nbd7 {[%clk 01:20:09]} {[%emt
00:01:07]} 16. Bf3 {[%clk 01:17:49]} {[%emt 00:00:48]} Rac8 {[%clk 01:18:00]}
{[%emt 00:02:41]} 17. Bxb7 {[%clk 01:17:57]} {[%emt 00:00:22]} Qxb7 {[%clk
01:18:27]} {[%emt 00:00:03]} 18. Qe2 {[%clk 01:17:42]} {[%emt 00:00:46]} Nb6
{[%clk 01:14:05]} {[%emt 00:04:51]} 19. Rac1 {[%clk 01:08:24]} {[%emt
00:09:48]} b4 {[%clk 01:06:22]} {[%emt 00:08:13]} 20. Nb1 {[%clk 01:08:22]}
{[%emt 00:00:32]} Nbd5 {[%clk 01:01:31]} {[%emt 00:05:20]} 21. Nd2 {[%clk
00:59:57]} {[%emt 00:08:57]} Rxc1 {[%clk 00:41:23]} {[%emt 00:20:38]} 22. Rxc1
{[%clk 00:59:45]} {[%emt 00:00:40]} Rc8 {[%clk 00:38:21]} {[%emt 00:03:31]} 23.
Rxc8+ {[%clk 00:55:47]} {[%emt 00:04:29]} Qxc8 {[%clk 00:38:22]} {[%emt
00:00:30]} 24. Nc4 {[%clk 00:55:06]} {[%emt 00:01:11]} Ne4 {[%clk 00:37:19]}
{[%emt 00:01:32]} 25. Qc2 {[%clk 00:53:23]} {[%emt 00:02:14]} Nec3 {[%clk
00:35:02]} {[%emt 00:02:47]} 26. Bxc3 {[%clk 00:53:31]} {[%emt 00:00:23]} Nxc3
{[%clk 00:34:23]} {[%emt 00:01:08]} 27. Ne2 {[%clk 00:53:37]} {[%emt 00:00:20]}
Bf6 {[%clk 00:28:00]} {[%emt 00:06:57]} 28. Nxc3 {[%clk 00:52:59]} {[%emt
00:01:08]} Bxc3 {[%clk 00:26:27]} {[%emt 00:02:03]} 29. a3 {[%clk 00:51:54]}
{[%emt 00:01:35]} h6 {[%clk 00:17:57]} {[%emt 00:09:00]} 30. h3 {[%clk
00:51:36]} {[%emt 00:00:48]} Qc7 {[%clk 00:18:02]} {[%emt 00:00:24]} 31. axb4
{[%clk 00:49:33]} {[%emt 00:02:34]} Bxb4 {[%clk 00:18:17]} {[%emt 00:00:14]}
32. Qa2 {[%clk 00:49:48]} {[%emt 00:00:14]} a5 {[%clk 00:18:27]} {[%emt
00:00:20]} 33. Qa4 {[%clk 00:49:12]} {[%emt 00:01:07]} Kf8 {[%clk 00:16:57]}
{[%emt 00:01:59]} 34. Kf1 {[%clk 00:49:03]} {[%emt 00:00:39]} Ke7 {[%clk
00:17:13]} {[%emt 00:00:14]} 35. Ke2 {[%clk 00:48:35]} {[%emt 00:00:59]} f5
{[%clk 00:14:04]} {[%emt 00:03:38]} 36. Qb5 {[%clk 00:48:17]} {[%emt 00:00:48]}
Qd7 {[%clk 00:10:06]} {[%emt 00:04:27]} 37. Qxd7+ {[%clk 00:47:50]} {[%emt
00:00:58]} Kxd7 {[%clk 00:10:30]} {[%emt 00:00:07]} 38. Kd3 {[%clk 00:48:15]}
{[%emt 00:00:05]} h5 {[%clk 00:06:38]} {[%emt 00:04:20]} 39. Ne5+ {[%clk
00:47:42]} {[%emt 00:01:05]} Kd6 {[%clk 00:06:48]} {[%emt 00:00:19]} 40. Ng6
{[%clk 00:48:06]} {[%emt 00:00:07]} e5 {[%clk 00:06:38]} {[%emt 00:00:40]} 41.
Nh4 {[%clk 00:46:39]} {[%emt 00:01:52]} Ke6 {[%clk 00:02:29]} {[%emt 00:04:43]}
42. e4 {[%clk 00:46:34]} {[%emt 00:00:36]} f4 {[%clk 00:01:00]} {[%emt
00:01:59]} 43. Nf5 {[%clk 00:46:48]} {[%emt 00:00:16]} g6 {[%clk 00:01:05]}
{[%emt 00:00:23]} 44. Nh4 {[%clk 00:47:05]} {[%emt 00:00:14]} g5 {[%clk
00:29:43]} {[%emt 00:01:53]} 45. Nf3 {[%clk 01:16:58]} {[%emt 00:00:37]} g4
{[%clk 00:28:53]} {[%emt 00:01:19]} 46. hxg4 {[%clk 01:17:24]} {[%emt
00:00:04]} hxg4 {[%clk 00:29:16]} {[%emt 00:00:07]} 47. Nh2 {[%clk 01:17:23]}
{[%emt 00:00:31]} g3 {[%clk 00:28:58]} {[%emt 00:00:48]} 48. fxg3 {[%clk
01:17:39]} {[%emt 00:00:14]} fxg3 {[%clk 00:29:26]} {[%emt 00:00:02]} 49. Nf1
{[%clk 01:17:19]} {[%emt 00:00:50]} Be1 {[%clk 00:29:40]} {[%emt 00:00:14]} 50.
Ke2 {[%clk 01:14:19]} {[%emt 00:03:31]} Bf2 {[%clk 00:27:20]} {[%emt 00:02:49]}
51. Nd2 {[%clk 01:13:59]} {[%emt 00:00:51]} Kd6 {[%clk 00:23:55]} {[%emt
00:03:56]} 52. Nc4+ {[%clk 01:14:13]} {[%emt 00:00:16]} Kc5 {[%clk 00:21:26]}
{[%emt 00:02:59]} 53. Nxa5 {[%clk 01:14:08]} {[%emt 00:00:35]} Kd4 {[%clk
00:18:26]} {[%emt 00:03:27]} 54. Kf3 {[%clk 01:14:18]} {[%emt 00:00:23]} Kc5
{[%clk 00:14:23]} {[%emt 00:04:33]} 55. Nc4 {[%clk 01:14:29]} {[%emt 00:00:19]}
Kd4 {[%clk 00:14:33]} {[%emt 00:00:20]} 56. Nd6 {[%clk 01:14:38]} {[%emt
00:00:21]} Kc3 {[%clk 00:13:56]} {[%emt 00:01:06]} 57. Nf5 {[%clk 01:14:24]}
{[%emt 00:00:44]} Kxb3 {[%clk 00:13:47]} {[%emt 00:00:39]} 58. Nxg3 {[%clk
01:14:45]} {[%emt 00:00:09]} Bc5 {[%clk 00:11:40]} {[%emt 00:02:36]} 59. Nf5
{[%clk 01:14:46]} {[%emt 00:00:31]} Bf8 {[%clk 00:10:20]} {[%emt 00:01:49]} 60.
g4 {[%clk 01:15:04]} {[%emt 00:00:12]} Kc4 {[%clk 00:09:07]} {[%emt 00:01:43]}
61. g5 {[%clk 01:15:19]} {[%emt 00:00:16]} Kc5 {[%clk 00:09:17]} {[%emt
00:00:20]} 62. g6 {[%clk 01:15:41]} {[%emt 00:00:08]} Kc6 {[%clk 00:09:36]}
{[%emt 00:00:11]} 63. g7 {[%clk 01:16:03]} {[%emt 00:00:08]} Bxg7 {[%clk
00:10:03]} {[%emt 00:00:04]} 64. Nxg7 {[%clk 01:16:28]} {[%emt 00:00:05]} Kd6
{[%clk 00:10:27]} {[%emt 00:00:05]} 65. Kg4 {[%clk 01:16:10]} {[%emt 00:00:48]}
Ke7 {[%clk 00:10:32]} {[%emt 00:00:25]} 66. Kf5 {[%clk 01:16:09]} {[%emt
00:00:32]} Kf7 {[%clk 00:10:59]} {[%emt 00:00:03]} 67. Nh5 {[%clk 01:16:27]}
{[%emt 00:00:12]} Ke7 {[%clk 00:11:24]} {[%emt 00:00:05]} 68. Kxe5 {[%clk
01:16:48]} {[%emt 00:00:08]} Ke8 {[%clk 00:11:50]} {[%emt 00:00:04]} 69. Ke6
{[%clk 01:17:05]} {[%emt 00:00:13]} Kd8 {[%clk 00:12:13]} {[%emt 00:00:07]} 70.
Kf7 {[%clk 01:17:27]} {[%emt 00:00:08]} 1-0

[Event "DEM U12 2023"]
[Site "Willingen GER"]
[Date "2023.05.31"]
[Round "5"]
[White "Geschke, David"]
[Black "Schröder, Hannes Artur"]
[Result "1/2-1/2"]
[Termination "normal"]
[Board "27"]
[WhiteElo "1458"]
[BlackElo "1343"]
[WhiteClock "01:03:52"]
[BlackClock "00:59:37"]
[PlyCount "47"]
[WhiteFideId "34619658"]
[BlackFideId "34608818"]
[EventCountry "GER"]
[EventRounds "9"]
[EventType "swiss"]
[EventDate "2023.05.27"]

1. d4 {[%clk 01:30:52]} {[%emt 00:00:08]} d5 {[%clk 01:30:52]} {[%emt
00:00:08]} 2. c4 {[%clk 01:31:18]} {[%emt 00:00:04]} e6 {[%clk 01:31:17]}
{[%emt 00:00:04]} 3. Nc3 {[%clk 01:31:46]} {[%emt 00:00:03]} Nf6 {[%clk
01:31:41]} {[%emt 00:00:06]} 4. Bg5 {[%clk 01:32:13]} {[%emt 00:00:03]} Be7
{[%clk 01:32:00]} {[%emt 00:00:11]} 5. Nf3 {[%clk 01:32:39]} {[%emt 00:00:04]}
Nbd7 {[%clk 01:32:08]} {[%emt 00:00:21]} 6. e3 {[%clk 01:32:57]} {[%emt
00:00:13]} O-O {[%clk 01:32:26]} {[%emt 00:00:12]} 7. Qc2 {[%clk 01:33:17]}
{[%emt 00:00:08]} b6 {[%clk 01:32:30]} {[%emt 00:00:28]} 8. Bd3 {[%clk
01:33:29]} {[%emt 00:00:18]} h6 {[%clk 01:32:54]} {[%emt 00:00:06]} 9. Bh4
{[%clk 01:33:55]} {[%emt 00:00:04]} Bb7 {[%clk 01:32:52]} {[%emt 00:00:32]} 10.
Rc1 {[%clk 01:34:15]} {[%emt 00:00:09]} c5 {[%clk 01:33:02]} {[%emt 00:00:21]}
11. O-O {[%clk 01:34:06]} {[%emt 00:00:38]} Rc8 {[%clk 01:29:04]} {[%emt
00:04:27]} 12. dxc5 {[%clk 01:30:17]} {[%emt 00:04:20]} Nxc5 {[%clk 01:24:32]}
{[%emt 00:05:02]} 13. cxd5 {[%clk 01:26:12]} {[%emt 00:04:36]} Nxd5 {[%clk
01:22:39]} {[%emt 00:02:22]} 14. Bxe7 {[%clk 01:24:30]} {[%emt 00:02:11]} Qxe7
{[%clk 01:22:43]} {[%emt 00:00:27]} 15. Qe2 {[%clk 01:16:50]} {[%emt 00:08:04]}
Nxd3 {[%clk 01:20:31]} {[%emt 00:02:48]} 16. Qxd3 {[%clk 01:15:55]} {[%emt
00:01:25]} Nxc3 {[%clk 01:20:16]} {[%emt 00:00:45]} 17. Rxc3 {[%clk 01:12:46]}
{[%emt 00:03:39]} Bxf3 {[%clk 01:19:54]} {[%emt 00:00:52]} 18. gxf3 {[%clk
01:12:53]} {[%emt 00:00:23]} Rxc3 {[%clk 01:18:17]} {[%emt 00:02:07]} 19. Qxc3
{[%clk 01:12:04]} {[%emt 00:01:17]} h5 {[%clk 01:16:17]} {[%emt 00:02:32]} 20.
Rc1 {[%clk 01:09:36]} {[%emt 00:02:56]} Rd8 {[%clk 01:12:55]} {[%emt 00:03:53]}
21. Qe5 {[%clk 01:07:53]} {[%emt 00:02:11]} Rd5 {[%clk 01:03:30]} {[%emt
00:09:58]} 22. Qe4 {[%clk 01:04:56]} {[%emt 00:03:24]} g6 {[%clk 01:01:41]}
{[%emt 00:02:22]} 23. f4 {[%clk 01:03:52]} {[%emt 00:01:34]} Qd8 {[%clk
00:59:37]} {[%emt 00:02:35]} 24. Rf1 {[%emt 00:05:05]} 1/2-1/2